[Event "FICGS unrated 00004 email"]
[Site "FICGS email"]
[Date "2016.03.19"]
[Round "1"]
[White "Carrizo, Jose Luis"]
[Black "Davis, Mark"]
[Result "1-0"]
[WhiteElo "2039"]
[BlackElo "973"]
[PlyCount "81"]
[EventDate "2016.??.??"]
[EventType "swiss (corr)"]
[EventRounds "1"]
[SourceTitle "Corr 2022"]
[Source "ChessBase"]
[SourceDate "2021.10.24"]
[SourceVersion "1"]
[SourceVersionDate "2021.10.24"]
[SourceQuality "1"]

1. e4 e5 2. Nf3 Nc6 3. Bb5 d6 4. d4 Bg4 5. c3 a6 6. Bxc6+ bxc6 7. h3 Bxf3 8. Qxf3 Nf6 9. dxe5 dxe5 10. 0-0 Be7 11. Rd1 Qb8 12. Na3 0-0 13. Nc4 Bd6 14. Bg5 Nd7 15. Qg4 f6 16. Qxd7 fxg5 17. Qxc6 Qb5 18. Qxb5 axb5 19. Nxd6 cxd6 20. Rxd6 Rab8 21. Rd5 Rfe8 22. a3 h6 23. Rad1 Kh7 24. Rd7 Rb6 25. R1d6 Rxd6 26. Rxd6 h5 27. Rd5 g6 28. Rxb5 h4 29. a4 Re6 30. a5 Kh6 31. b4 Kh5 32. Rb7 g4 33. hxg4+ Kxg4 34. b5 Kf4 35. b6 Kxe4 36. Rd7 Rc6 37. b7 Rxc3 38. b8Q Rc1+ 39. Kh2 Kf4 40. Qf8+ Ke4 41. Qf3# 1-0

[Event "FICGS class F 000175 email"]
[Site "FICGS email"]
[Date "2016.03.19"]
[Round "1"]
[White "Davis, Mark"]
[Black "Strohmeier, Josef"]
[Result "0-1"]
[WhiteElo "973"]
[BlackElo "1333"]
[PlyCount "98"]
[EventDate "2016.??.??"]
[EventType "tourn (corr)"]
[EventRounds "5"]
[SourceTitle "Corr 2022"]
[Source "ChessBase"]
[SourceDate "2021.10.24"]
[SourceVersion "1"]
[SourceVersionDate "2021.10.24"]
[SourceQuality "1"]

1. e4 c5 2. Nf3 d6 3. Nc3 Nc6 4. Bb5 Bd7 5. 0-0 g6 6. d3 Bg7 7. Nd5 Nf6 8. Rb1 0-0 9. Bg5 e6 10. Nxf6+ Bxf6 11. Bh6 Re8 12. Re1 Qc7 13. a3 a6 14. Ba4 b5 15. Bb3 Rab8 16. Qd2 Nd4 17. Nxd4 Bxd4 18. c3 Bg7 19. Bxg7 Kxg7 20. Qf4 a5 21. e5 dxe5 22. Qxe5+ Qxe5 23. Rxe5 Rbc8 24. Rbe1 a4 25. Bc2 c4 26. d4 Bc6 27. Be4 Bd7 28. Bf3 Red8 29. h4 h5 30. Rg5 Kf6 31. Re4 Ke7 32. d5 Kf8 33. dxe6 Bxe6 34. Rxb5 Bd5 35. Rf4 Be6 36. Rb4 Rd2 37. Rxa4 Rxb2 38. Ra6 Kg7 39. a4 Rb3 40. Ra8 Rxc3 41. Rxc8 Ra3 42. Ra8 c3 43. Re4 c2 44. Re1 Rb3 45. Rc1 Rb1 46. Rxb1 cxb1Q+ 47. Kh2 Qb4 48. a5 Qxh4+ 49. Kg1 Qb4 0-1

[Event "FICGS W-ch st1 g07 email"]
[Site "FICGS email"]
[Date "2016.03.02"]
[Round "1"]
[White "Brotherton, Trevor S"]
[Black "Davis, Mark"]
[Result "1-0"]
[WhiteElo "1807"]
[BlackElo "973"]
[PlyCount "31"]
[EventDate "2016.??.??"]
[EventType "tourn (corr)"]
[EventRounds "8"]
[SourceTitle "Corr 2022"]
[Source "ChessBase"]
[SourceDate "2021.10.24"]
[SourceVersion "1"]
[SourceVersionDate "2021.10.24"]
[SourceQuality "1"]

1. Nf3 d5 2. g3 Nc6 3. Bg2 Nf6 4. 0-0 e5 5. d3 Bc5 6. Nxe5 Nxe5 7. d4 Bxd4 8. Qxd4 Nc6 9. Qh4 Be6 10. Bg5 0-0 11. Nc3 d4 12. Ne4 Ne7 13. Nxf6+ gxf6 14. Bxf6 Qd6 15. Qg5+ Ng6 16. Qh6 1-0

[Event "FICGS W-ch st1 g07 email"]
[Site "FICGS email"]
[Date "2016.03.02"]
[Round "1"]
[White "Ramos, Francisco Miguel R"]
[Black "Davis, Mark"]
[Result "1-0"]
[WhiteElo "1488"]
[BlackElo "973"]
[PlyCount "35"]
[EventDate "2016.??.??"]
[EventType "tourn (corr)"]
[EventRounds "8"]
[SourceTitle "Corr 2022"]
[Source "ChessBase"]
[SourceDate "2021.10.24"]
[SourceVersion "1"]
[SourceVersionDate "2021.10.24"]
[SourceQuality "1"]

1. e4 c5 2. Nf3 Nc6 3. d4 cxd4 4. Nxd4 g6 5. Be3 Bg7 6. c3 e5 7. Nb5 Bf8 8. N1a3 a6 9. Nd6+ Bxd6 10. Qxd6 Nge7 11. Nc4 0-0 12. Nb6 Rb8 13. Bh6 Re8 14. Bc4 Nf5 15. exf5 gxf5 16. 0-0-0 Qxb6 17. Qf6 d5 18. Qg7# 1-0

[Event "FICGS class F 000174 email"]
[Site "FICGS email"]
[Date "2016.02.17"]
[Round "1"]
[White "Davis, Mark"]
[Black "Bromo, Alexis"]
[Result "0-1"]
[WhiteElo "1053"]
[BlackElo "1095"]
[PlyCount "86"]
[EventDate "2016.??.??"]
[EventType "tourn (corr)"]
[EventRounds "5"]
[SourceTitle "Corr 2022"]
[Source "ChessBase"]
[SourceDate "2021.10.24"]
[SourceVersion "1"]
[SourceVersionDate "2021.10.24"]
[SourceQuality "1"]

1. e4 e5 2. Nf3 Nc6 3. Bb5 d6 4. 0-0 a6 5. Ba4 Bd7 6. Nc3 Nf6 7. d3 h6 8. Bd2 Be7 9. Nd5 Nxd5 10. exd5 Nd4 11. Bxd7+ Qxd7 12. c3 Nb5 13. a4 Na7 14. c4 0-0 15. Bc3 c6 16. Qb3 Rab8 17. Qc2 c5 18. b3 b5 19. axb5 axb5 20. Rfe1 b4 21. Bd2 Nc8 22. Qc1 f5 23. Bxh6 gxh6 24. Qxh6 Bf6 25. Ng5 Bxg5 26. Qxg5+ Qg7 27. Qh5 Ne7 28. Ra7 Rf7 29. Re3 f4 30. Rh3 Ng6 31. Ra6 Rd8 32. Qg5 Rf6 33. Qh5 Nh8 34. Qf3 Nf7 35. Ra7 Qg6 36. Rh4 Ng5 37. Qg4 f3 38. g3 Re8 39. Rh5 Rf5 40. Rah7 e4 41. Rh8+ Kf7 42. R8h6 exd3 43. Rxg6 Re1# 0-1

[Event "FICGS class F 000174 email"]
[Site "FICGS email"]
[Date "2016.02.17"]
[Round "1"]
[White "Hilbert, Stephan"]
[Black "Davis, Mark"]
[Result "0-1"]
[WhiteElo "1303"]
[BlackElo "1053"]
[PlyCount "76"]
[EventDate "2016.??.??"]
[EventType "tourn (corr)"]
[EventRounds "5"]
[SourceTitle "Corr 2022"]
[Source "ChessBase"]
[SourceDate "2021.10.24"]
[SourceVersion "1"]
[SourceVersionDate "2021.10.24"]
[SourceQuality "1"]

1. d4 d5 2. e3 Nf6 3. Bd3 Nc6 4. Nf3 Bg4 5. h3 Bh5 6. g4 Bg6 7. 0-0 Ne4 8. Nc3 e6 9. Nd2 Nxc3 10. bxc3 Bd6 11. f4 f5 12. gxf5 exf5 13. Qf3 Qh4 14. Qxd5 Qg3+ 15. Qg2 Qxe3+ 16. Kh1 0-0-0 17. Nc4 Qe7 18. a4 Rhe8 19. Nxd6+ Qxd6 20. Ba3 Qd7 21. Bb5 Bf7 22. Bc5 Bd5 23. Rf3 Re3 24. Raf1 a6 25. Bd3 Rde8 26. Kh2 Rxf3 27. Rxf3 Re3 28. c4 Bxf3 29. Qg5 h6 30. Qg6 Re1 31. d5 Ne7 32. Qf7 b6 33. Bd4 g5 34. fxg5 f4 35. Qxf4 Rh1+ 36. Kg3 Qxh3+ 37. Kf2 Qg2+ 38. Ke3 Re1+ 0-1

[Event "FICGS rapid E 000169 email"]
[Site "FICGS email"]
[Date "2016.02.15"]
[Round "1"]
[White "Goldmund, Heike"]
[Black "Davis, Mark"]
[Result "1-0"]
[WhiteElo "1188"]
[BlackElo "1053"]
[PlyCount "97"]
[EventDate "2016.??.??"]
[EventType "tourn (rapid)"]
[EventRounds "6"]
[SourceTitle "Corr 2022"]
[Source "ChessBase"]
[SourceDate "2021.10.24"]
[SourceVersion "1"]
[SourceVersionDate "2021.10.24"]
[SourceQuality "1"]

1. e4 e5 2. Nf3 Nc6 3. Bc4 Nf6 4. Ng5 d5 5. exd5 Na5 6. Bb5+ c6 7. dxc6 bxc6 8. Ba4 Bd7 9. 0-0 Be7 10. Re1 e4 11. Nxe4 0-0 12. d4 Nc4 13. Bb3 Nxe4 14. Rxe4 Re8 15. Bxc4 Bf5 16. Re1 Bf6 17. Be3 Qd7 18. c3 Rab8 19. b4 Bg4 20. Qc2 Bf5 21. Bd3 Bxd3 22. Qxd3 Qg4 23. Nd2 Rbd8 24. Nf3 h6 25. h3 Qd7 26. Bf4 Re6 27. Rxe6 fxe6 28. Ne5 Bxe5 29. Bxe5 Rf8 30. Re1 Qf7 31. Qg3 g5 32. f4 Qf5 33. h4 g4 34. Qf2 h5 35. g3 Qd3 36. Qe3 Qc4 37. a4 Qb3 38. a5 a6 39. Bd6 Re8 40. Bc5 Qd5 41. Qd3 Kg7 42. Qxa6 Qf3 43. Qb7+ Kf6 44. Qc7 Qxg3+ 45. Kf1 Qf3+ 46. Kg1 Qg3+ 47. Kf1 Qxc3 48. Qe5+ Kf7 49. Qc7+ 1-0

[Event "FICGS rapid E 000169 email"]
[Site "FICGS email"]
[Date "2016.02.15"]
[Round "1"]
[White "Leurette, Marc Antoine"]
[Black "Davis, Mark"]
[Result "0-1"]
[WhiteElo "1114"]
[BlackElo "1053"]
[PlyCount "90"]
[EventDate "2016.??.??"]
[EventType "tourn (rapid)"]
[EventRounds "6"]
[SourceTitle "Corr 2022"]
[Source "ChessBase"]
[SourceDate "2021.10.24"]
[SourceVersion "1"]
[SourceVersionDate "2021.10.24"]
[SourceQuality "1"]

1. e4 c5 2. Nf3 d6 3. Be2 Nc6 4. 0-0 g6 5. Nc3 Bg7 6. d3 e5 7. Nd5 Nf6 8. Nxf6+ Qxf6 9. c4 0-0 10. Bg5 Qe6 11. Qd2 Qe8 12. Bh6 Bg4 13. Bxg7 Kxg7 14. Ng5 Bxe2 15. Qxe2 Nd4 16. Qd2 h6 17. Nh3 f5 18. g3 fxe4 19. dxe4 Qe6 20. Kg2 Qf6 21. Nf4 exf4 22. g4 Qh4 23. f3 h5 24. h3 Qg3+ 25. Kh1 Nxf3 26. Qg2 Qxg2+ 27. Kxg2 Nh4+ 28. Kf2 hxg4 29. hxg4 g5 30. Rfe1 Rae8 31. b3 Rf6 32. Rad1 Rh6 33. a3 Ree6 34. b4 cxb4 35. axb4 Ng6 36. c5 dxc5 37. bxc5 Ne5 38. Rg1 Rc6 39. Rd5 Rxc5 40. Rxc5 Nd3+ 41. Kg2 Nxc5 42. e5 Nd3 43. Rb1 b6 44. Rb5 Re6 45. Rd5 Nxe5 0-1

[Event "FICGS class F 000171 email"]
[Site "FICGS email"]
[Date "2015.12.30"]
[Round "1"]
[White "Davis, Mark"]
[Black "Neil, Charles"]
[Result "1-0"]
[WhiteElo "1174"]
[BlackElo "1105"]
[PlyCount "45"]
[EventDate "2015.??.??"]
[EventType "tourn (corr)"]
[EventRounds "5"]
[SourceTitle "Corr 2022"]
[Source "ChessBase"]
[SourceDate "2021.10.24"]
[SourceVersion "1"]
[SourceVersionDate "2021.10.24"]
[SourceQuality "1"]

1. e4 e6 2. Nc3 c5 3. Nf3 Nc6 4. Bc4 Nge7 5. 0-0 g6 6. d3 Bg7 7. Nb5 0-0 8. Bf4 e5 9. Be3 d6 10. Bg5 a6 11. Nc3 h6 12. Bd2 b5 13. Bd5 Rb8 14. Re1 Nxd5 15. exd5 Ne7 16. a3 Bb7 17. Ne2 Bxd5 18. Nc3 Be6 19. Rc1 Kh7 20. Ne4 f5 21. Ng3 Nd5 22. Ne2 f4 23. c3 1-0

[Event "FICGS W-ch st1 g07 email"]
[Site "FICGS email"]
[Date "2014.03.03"]
[Round "1"]
[White "Davis, Mark"]
[Black "Riha, Josef"]
[Result "0-1"]
[WhiteElo "1049"]
[BlackElo "1996"]
[PlyCount "56"]
[EventDate "2014.??.??"]
[EventType "tourn (corr)"]
[EventRounds "8"]
[SourceTitle "Corr 2022"]
[Source "ChessBase"]
[SourceDate "2021.10.24"]
[SourceVersion "1"]
[SourceVersionDate "2021.10.24"]
[SourceQuality "1"]

1. e4 e5 2. Nf3 Nc6 3. b3 Nf6 4. d3 Bc5 5. Bb2 d5 6. exd5 Nxd5 7. Be2 Nf4 8. 0-0 0-0 9. Nbd2 Re8 10. Ne4 Bb6 11. Qd2 f6 12. Rad1 Bg4 13. h3 Bxh3 14. gxh3 Qd7 15. Nxe5 fxe5 16. Bg4 Nxh3+ 17. Kh2 Qxg4 18. f3 Qh4 19. Kg2 Re6 20. Rh1 Rg6+ 21. Kf1 Nf4 22. d4 Qxh1+ 23. Kf2 Rg2+ 24. Ke3 Nxd4 25. Nf2 Nf5+ 26. Ke4 Ng3+ 27. Kxe5 Qh5+ 28. Kxf4 Qf5# 0-1

[Event "FICGS class F 000143 email"]
[Site "FICGS email"]
[Date "2014.02.08"]
[Round "1"]
[White "Cavaille, Cedric"]
[Black "Davis, Mark"]
[Result "0-1"]
[WhiteElo "1085"]
[BlackElo "1049"]
[PlyCount "64"]
[EventDate "2014.??.??"]
[EventType "tourn (corr)"]
[EventRounds "5"]
[SourceTitle "Corr 2022"]
[Source "ChessBase"]
[SourceDate "2021.10.24"]
[SourceVersion "1"]
[SourceVersionDate "2021.10.24"]
[SourceQuality "1"]

1. e4 c5 2. Nf3 Nc6 3. d4 cxd4 4. Nxd4 g6 5. Nxc6 bxc6 6. Nc3 Bg7 7. Bd2 e5 8. Bc4 Ne7 9. Qf3 0-0 10. Qh3 d5 11. exd5 cxd5 12. Qh4 dxc4 13. Bh6 Nf5 14. Bxg7 Nxh4 15. Bxf8 Qxf8 16. 0-0 Bb7 17. f3 Qc5+ 18. Rf2 Re8 19. Ne4 Bxe4 20. fxe4 Qd4 21. Raf1 f5 22. c3 Qb6 23. Kh1 f4 24. g3 fxg3 25. hxg3 Nf3 26. Rxf3 Qxb2 27. R1f2 Qc1+ 28. Kg2 a5 29. Re2 Rf8 30. Rxf8+ Kxf8 31. Kh3 Qh1+ 32. Kg4 Qh5# 0-1

[Event "FICGS class F 000143 email"]
[Site "FICGS email"]
[Date "2014.02.08"]
[Round "1"]
[White "Davis, Mark"]
[Black "Benone, Mateia"]
[Result "1-0"]
[WhiteElo "1049"]
[BlackElo "1186"]
[PlyCount "29"]
[EventDate "2014.??.??"]
[EventType "tourn (corr)"]
[EventRounds "5"]
[SourceTitle "Corr 2022"]
[Source "ChessBase"]
[SourceDate "2021.10.24"]
[SourceVersion "1"]
[SourceVersionDate "2021.10.24"]
[SourceQuality "1"]

1. e4 e5 2. Nf3 Nf6 3. Nc3 Nc6 4. Bb5 Bb4 5. 0-0 0-0 6. d3 Nd4 7. Nxd4 exd4 8. Ne2 c5 9. a3 Ba5 10. Bg5 Qb6 11. a4 h6 12. Bh4 g5 13. Bg3 d6 14. h3 Be6 15. b3 1-0

[Event "FICGS rapid E 000095 email"]
[Site "FICGS email"]
[Date "2013.01.26"]
[Round "1"]
[White "Davis, Mark"]
[Black "Bromo, Alexis"]
[Result "0-1"]
[WhiteElo "1192"]
[BlackElo "1182"]
[PlyCount "54"]
[EventDate "2013.??.??"]
[EventType "tourn (rapid)"]
[EventRounds "6"]
[SourceTitle "Corr 2022"]
[Source "ChessBase"]
[SourceDate "2021.10.24"]
[SourceVersion "1"]
[SourceVersionDate "2021.10.24"]
[SourceQuality "1"]

1. e4 e5 2. Nf3 Nc6 3. Bb5 d6 4. h3 Bd7 5. Nc3 Nf6 6. d3 a6 7. Bxc6 Bxc6 8. Bg5 Be7 9. 0-0 h6 10. Bxf6 Bxf6 11. Nd5 Bxd5 12. exd5 0-0 13. Rb1 Re8 14. Re1 b5 15. c3 Rc8 16. Qb3 Bg5 17. Nxg5 Qxg5 18. c4 bxc4 19. dxc4 Kh8 20. Qb7 f5 21. a4 f4 22. Qxa6 e4 23. Qc6 e3 24. f3 Re5 25. a5 Qg3 26. Re2 Rg5 27. Qd7 Qxf3 0-1

[Event "FICGS rapid E 000095 email"]
[Site "FICGS email"]
[Date "2013.01.26"]
[Round "1"]
[White "Martinez, Silvio"]
[Black "Davis, Mark"]
[Result "1-0"]
[WhiteElo "1086"]
[BlackElo "1192"]
[PlyCount "27"]
[EventDate "2013.??.??"]
[EventType "tourn (rapid)"]
[EventRounds "6"]
[SourceTitle "Corr 2022"]
[Source "ChessBase"]
[SourceDate "2021.10.24"]
[SourceVersion "1"]
[SourceVersionDate "2021.10.24"]
[SourceQuality "1"]

1. e4 c5 2. d4 cxd4 3. Qxd4 Nc6 4. Qc3 d6 5. Nf3 Nf6 6. Bc4 e6 7. 0-0 Be7 8. Na3 Nxe4 9. Qxg7 Bf6 10. Qg4 d5 11. Bb5 Bd7 12. c3 Rg8 13. Qxg8+ Ke7 14. Qxh7 1-0

[Event "FICGS W-ch st1 g09 email"]
[Site "FICGS email"]
[Date "2012.12.09"]
[Round "1"]
[White "Bain, Mathieu"]
[Black "Davis, Mark"]
[Result "1-0"]
[WhiteElo "1616"]
[BlackElo "1192"]
[PlyCount "21"]
[EventDate "2012.??.??"]
[EventType "tourn (corr)"]
[EventRounds "8"]
[SourceTitle "Corr 2022"]
[Source "ChessBase"]
[SourceDate "2021.10.24"]
[SourceVersion "1"]
[SourceVersionDate "2021.10.24"]
[SourceQuality "1"]

1. e4 c5 2. Bc4 Nc6 3. Qf3 Ne5 4. Qb3 Nf6 5. Nf3 Nxc4 6. Qxc4 e6 7. e5 Nd5 8. d4 b6 9. Nc3 Bb7 10. Ne4 Qc8 11. b4 1-0

[Event "FICGS class F 000115 email"]
[Site "FICGS email"]
[Date "2012.08.24"]
[Round "1"]
[White "Davis, Mark"]
[Black "Bromo, Alexis"]
[Result "1-0"]
[WhiteElo "1147"]
[BlackElo "1187"]
[PlyCount "51"]
[EventDate "2012.??.??"]
[EventType "tourn (corr)"]
[EventRounds "5"]
[SourceTitle "Corr 2022"]
[Source "ChessBase"]
[SourceDate "2021.10.24"]
[SourceVersion "1"]
[SourceVersionDate "2021.10.24"]
[SourceQuality "1"]

1. e4 c6 2. Nf3 d5 3. exd5 cxd5 4. Bb5+ Nc6 5. 0-0 Nf6 6. Nc3 Bd7 7. d4 e6 8. Bg5 Be7 9. Re1 0-0 10. Bxc6 Bxc6 11. Ne5 Qd6 12. Nxc6 Qxc6 13. Qf3 h6 14. Bh4 a5 15. a4 Rfb8 16. Rec1 g5 17. Bg3 Bd6 18. Bxd6 Qxd6 19. Qxf6 Kf8 20. Qh8+ Ke7 21. Qxh6 Rh8 22. Qxg5+ Kd7 23. g3 Rag8 24. Qe3 Rg7 25. Nb5 Qb6 26. c4 1-0

[Event "FICGS class F 000115 email"]
[Site "FICGS email"]
[Date "2012.08.24"]
[Round "1"]
[White "Davis, Mark"]
[Black "Gonet, Gerard"]
[Result "0-1"]
[WhiteElo "1147"]
[BlackElo "1077"]
[PlyCount "158"]
[EventDate "2012.??.??"]
[EventType "tourn (corr)"]
[EventRounds "5"]
[SourceTitle "Corr 2022"]
[Source "ChessBase"]
[SourceDate "2021.10.24"]
[SourceVersion "1"]
[SourceVersionDate "2021.10.24"]
[SourceQuality "1"]

1. e4 Nc6 2. Nc3 Nf6 3. Bc4 e6 4. Nf3 d5 5. exd5 exd5 6. Bb5 Bd7 7. d4 Bd6 8. 0-0 0-0 9. Bg5 Be7 10. Re1 h6 11. Bh4 a6 12. Ba4 b5 13. Bb3 Bc8 14. Bxf6 Bxf6 15. Nxd5 Bb7 16. c3 a5 17. a3 a4 18. Ba2 Na5 19. Nxf6+ Qxf6 20. Ne5 Qg5 21. Nf3 Qg6 22. Bb1 f5 23. Re5 c6 24. Ba2+ Kh8 25. Re6 Qg4 26. h3 Qh5 27. Qd3 Bc8 28. Re7 f4 29. Bb1 Bf5 30. Qf1 Rfe8 31. Rxe8+ Rxe8 32. Bxf5 Qxf5 33. Ne5 Re6 34. Re1 Nb3 35. Qe2 Rf6 36. Nxc6 Qd5 37. Qe8+ Kh7 38. Ne7 Qf7 39. Qxf7 Rxf7 40. Nd5 f3 41. g3 Rf5 42. Nf4 g5 43. Re7+ Kg8 44. Ne6 Nc1 45. Rg7+ Kh8 46. Rb7 Ne2+ 47. Kf1 Kg8 48. Rc7 h5 49. Nc5 Rf7 50. Rc8+ Kh7 51. Ne6 Kg6 52. Rc6 Kf5 53. Nc5 g4 54. h4 Re7 55. Nd3 Ke4 56. Ne5 Nc1 57. Rc5 Nd3 58. Nxd3 Kxd3 59. Rxb5 Kd2 60. Re5 Rb7 61. d5 Rxb2 62. Re1 Rc2 63. d6 Rxc3 64. d7 Rd3 65. Re7 Kc2 66. Kg1 Rd1+ 67. Kh2 Kb3 68. Rh7 Kxa3 69. Rxh5 Ka2 70. Ra5 a3 71. h5 Kb2 72. h6 Rxd7 73. Rh5 a2 74. h7 Rxh7 75. Rxh7 a1Q 76. Rb7+ Kc3 77. Rg7 Qf1 78. Rc7+ Kd4 79. Rc4+ Qxc4 0-1

[Event "FICGS class C 000177 email"]
[Site "FICGS email"]
[Date "2011.10.10"]
[Round "1"]
[White "Davis, Mark"]
[Black "Tanda, Giovanni"]
[Result "1-0"]
[WhiteElo "1278"]
[BlackElo "2066"]
[PlyCount "27"]
[EventDate "2011.??.??"]
[EventType "tourn (corr)"]
[EventRounds "6"]
[SourceTitle "Corr 2022"]
[Source "ChessBase"]
[SourceDate "2021.10.24"]
[SourceVersion "1"]
[SourceVersionDate "2021.10.24"]
[SourceQuality "1"]

1. e4 c6 2. Nf3 d5 3. exd5 cxd5 4. d4 Nc6 5. Bb5 Bg4 6. Bg5 Qb6 7. Nc3 e6 8. 0-0 Be7 9. Bxe7 Ngxe7 10. h3 Bxf3 11. Qxf3 0-0 12. Rab1 Nxd4 13. Qd3 Rfd8 14. Rbc1 1-0